000 00308cam a22001217a 4500
008 180718b-- xxu||||| |||| 00| 0 eng d
082 _aA45:U61 NNP
100 _aNEPA Limited
245 _aAnnual report
260 _aNepanagar
_bThe author
_c--
500 _aLibrary has 2002/03, 2010/11
650 _aNewspapers
999 _c501879
_d501879